[Event "Arab Games 2011"]
[Site "0:00.10-0:08.36"]
[Date "2011.12.12"]
[Round "8"]
[White "Nadir Samir"]
[Black "Obada Ahmad, Azeezjawad"]
[Result "0-1"]
[WhiteElo "2125"]
[BlackElo "2353"]
[PlyCount "65"]
[EventDate "2011.??.??"]

1. c4 e5 2. Nc3 Nf6 3. Nf3 Nc6 4. e3 d5 5. cxd5 Nxd5 6. a3 Nxc3 7. bxc3 e4 8.
Nd4 Ne5 9. f4 exf3 10. Nxf3 Nd3+ 11. Bxd3 Qxd3 12. Qe2 Qxe2+ 13. Kxe2 b6 14. a4
a5 15. Ba3 Bxa3 16. Rxa3 Ba6+ 17. d3 O-O-O 18. c4 Rhe8 19. Rc1 c5 20. Ng5 f6
21. Ne4 Re6 22. Nc3 Rde8 23. e4 f5 24. Kd2 fxe4 25. Nxe4 Bb7 26. Re1 Bxe4 27.
dxe4 Rxe4 28. Rae3 Rd8+ 29. Kc3 Rg4 30. Re7 Rxg2 31. Ra7 Rgd2 32. Re3 R2d7 33.
Re2 0-1

[Event "Arab Games 2011"]
[Site "0:01.05-0:08.29"]
[Date "2011.12.12"]
[Round "8"]
[White "Elarbi Abobker"]
[Black "Sabar Daoud"]
[Result "1-0"]
[WhiteElo "2273"]
[BlackElo "2034"]
[PlyCount "99"]
[EventDate "2011.??.??"]

1. d4 d5 2. c4 c6 3. Nf3 Nf6 4. Nc3 e6 5. Bg5 Be7 6. e3 h6 7. Bxf6 Bxf6 8. Be2
dxc4 9. Bxc4 b5 10. Be2 a6 11. O-O Bb7 12. e4 O-O 13. e5 Be7 14. Ne4 Nd7 15.
Rc1 Rc8 16. Nc5 Qc7 17. b4 Bxc5 18. bxc5 a5 19. Nd2 Rfd8 20. f4 f5 21. Qb3 Nf8
22. Nf3 Rd5 23. a4 Ba6 24. Qa2 Qb7 25. axb5 Bxb5 26. Bxb5 Qxb5 27. Rb1 Qd3 28.
Rb3 Qe4 29. Qd2 Rdd8 30. Re1 Qd5 31. Ra3 Rb8 32. Qa2 Qd7 33. Rxa5 Rb7 34. Rb1
Rdb8 35. Rxb7 Qxb7 36. Ra6 Qb5 37. Ra8 Rb7 38. Qxe6+ Rf7 39. Qa2 Qb7 40. e6 Re7
41. Ne5 Qb4 42. Rxf8+ Kh7 43. Nf3 Qc3 44. Qb1 Qe3+ 45. Kf1 g6 46. Rf7+ Rxf7 47.
exf7 Kg7 48. Qe1 Qd3+ 49. Kf2 Qc2+ 50. Qe2 1-0

[Event "Arab Games 2011"]
[Site "0:15.39-0:02.48"]
[Date "2011.12.12"]
[Round "8"]
[White "Najjar Ahmad"]
[Black "Takrory Hosam"]
[Result "0-1"]
[WhiteElo "2274"]
[BlackElo "2034"]
[PlyCount "72"]
[EventDate "2011.??.??"]

1. d4 Nf6 2. Nf3 e6 3. Bf4 c5 4. e3 d5 5. c3 Nc6 6. Bd3 cxd4 7. exd4 Ne4 8.
Bxe4 dxe4 9. Nfd2 f5 10. O-O Bd6 11. Bxd6 Qxd6 12. f3 exf3 13. Nxf3 O-O 14.
Nbd2 Bd7 15. Qb3 Na5 16. Qc2 Rac8 17. Rae1 h6 18. Qd3 Qd5 19. b3 Nc6 20. Nc4 b5
21. Nce5 b4 22. c4 Qd6 23. Qe3 Nxe5 24. Nxe5 Rf6 25. Rd1 a5 26. d5 Qe7 27. d6
Qd8 28. Qa7 Rf7 29. Qd4 a4 30. c5 axb3 31. axb3 Qa5 32. Rc1 Qb5 33. Rc4 g5 34.
Rfc1 Bc6 35. Rxb4 Qe2 36. Rbc4 Qxg2# 0-1

[Event "Arab Games 2011"]
[Site "0:03.43-0:00.05"]
[Date "2011.12.12"]
[Round "9"]
[White "Amin Bassem"]
[Black "Al-Modiahki, Mohamad"]
[Result "1-0"]
[WhiteElo "2590"]
[BlackElo "2558"]
[PlyCount "83"]
[EventDate "2011.??.??"]

1. e4 c5 2. Nf3 Nc6 3. Bb5 g6 4. Bxc6 bxc6 5. O-O Bg7 6. Re1 Nh6 7. c3 f6 8. d4
cxd4 9. cxd4 Nf7 10. e5 O-O 11. Nc3 Qb6 12. Na4 Qc7 13. Bf4 fxe5 14. dxe5 d6
15. exd6 exd6 16. h3 Bf5 17. Rc1 Qd7 18. Qd2 Rae8 19. Red1 Bxh3 20. gxh3 Qxh3
21. Nh2 Ne5 22. Bg3 d5 23. Qb4 Rf5 24. Rc3 Nc4 25. Rxc4 dxc4 26. Qxc4+ Kh8 27.
Qxc6 Ref8 28. Nc3 Qh5 29. Rd7 Be5 30. Ne4 Qe2 31. Bxe5+ Rxe5 32. Rxh7+ Kxh7 33.
Qc7+ Kg8 34. Qxe5 Qd1+ 35. Kg2 Rf5 36. Qb8+ Rf8 37. Qxa7 Qd5 38. f3 Qe5 39. Qb6
Kg7 40. Ng4 Qf5 41. Qd4+ Kh7 42. Nef6+ 1-0

[Event "Arab Games 2011"]
[Site "0:02.08-0:02.49"]
[Date "2011.12.12"]
[Round "9"]
[White "Al Qudaimi, Basheer"]
[Black "Haddouche, Mohamed"]
[Result "0-1"]
[WhiteElo "2398"]
[BlackElo "2386"]
[PlyCount "128"]
[EventDate "2011.??.??"]

1. e4 e5 2. Nf3 Nc6 3. Bb5 a6 4. Ba4 Nf6 5. Bxc6 dxc6 6. Nc3 Bd6 7. d4 Nd7 8.
dxe5 Nxe5 9. Nxe5 Bxe5 10. Qxd8+ Kxd8 11. Ne2 Re8 12. Bg5+ f6 13. O-O-O+ Ke7
14. Be3 Kf7 15. Rd2 Bd6 16. Ng3 g6 17. f4 Bf5 18. c4 Bxe4 19. c5 Bd5 20. cxd6
Rxe3 21. dxc7 Rc8 22. b3 Rxc7 23. Rf1 Rce7 24. Kb2 a5 25. Rff2 a4 26. Nf1 Re1
27. bxa4 R7e4 28. Ka3 Rc4 29. Rb2 c5 30. Nd2 Rc3+ 31. Nb3 Ree3 32. Rfd2 Be6 33.
f5 gxf5 34. Rbc2 Rxc2 35. Rxc2 c4 36. Rb2 cxb3 37. axb3 f4 38. a5 Bg4 39. Rc2
f3 40. Rc7+ Re7 41. Rc2 fxg2 42. Rxg2 f5 43. b4 Bf3 44. Rf2 Be4 45. b5 Kf6 46.
Kb4 Ke5 47. Kc5 f4 48. Kb6 f3 49. a6 bxa6 50. bxa6 Kf4 51. Ra2 Re8 52. a7 Ba8
53. Ka6 Ke3 54. Ra3+ Kf2 55. Rb3 Be4 56. Rb8 Re6+ 57. Ka5 Ke3 58. Rb3+ Kf4 59.
Rb4 Re8 60. Rb8 Re7 61. Kb6 f2 62. Rf8+ Ke3 63. h4 Ke2 64. Rf4 Ba8 0-1

[Event "Arab Games 2011"]
[Site "0:01.04-0:02.07"]
[Date "2011.12.12"]
[Round "9"]
[White "Salem A R, Saleh"]
[Black "Kaabi Mejdi"]
[Result "1/2-1/2"]
[WhiteElo "2511"]
[BlackElo "2342"]
[PlyCount "192"]
[EventDate "2011.??.??"]

1. d4 Nf6 2. c4 g6 3. Nc3 d5 4. cxd5 Nxd5 5. e4 Nxc3 6. bxc3 c5 7. Be3 Qa5 8.
Qd2 Bg7 9. Rb1 cxd4 10. cxd4 Qxd2+ 11. Kxd2 O-O 12. Bb5 a6 13. Bd3 b5 14. Rc1
e6 15. Rc7 Nd7 16. Ne2 Nb6 17. Rhc1 Rd8 18. f3 h6 19. g4 Bd7 20. h4 Rac8 21.
Ra7 Rxc1 22. Nxc1 Bc8 23. Nb3 Rd7 24. Rxd7 Nxd7 25. Kc3 Bf8 26. Be2 Kg7 27. Bf2
Bd6 28. Na5 Nb6 29. Kc2 Na4 30. Be1 f5 31. Nb3 fxe4 32. fxe4 Bb7 33. Bf3 g5 34.
hxg5 hxg5 35. Bd2 Be7 36. Na5 Ba8 37. Nb3 Kf7 38. Be3 Nb6 39. Nd2 Nd7 40. Kd3
a5 41. Be2 b4 42. Bd1 Bc6 43. Nf3 a4 44. Nxg5+ Bxg5 45. Bxg5 Bb5+ 46. Kd2 Nb6
47. Kc1 Bc4 48. Bd8 Nc8 49. Bxa4 Bxa2 50. Ba5 Nd6 51. e5 Nc4 52. Bxb4 Ne3 53.
g5 Nf5 54. Bc5 Kg6 55. Kd2 Kxg5 56. Bc6 Kf4 57. Kd3 Bb1+ 58. Kc3 Be4 59. Bd7
Bd5 60. Kd3 Be4+ 61. Kc3 Bd5 62. Be8 Ng3 63. Ba3 Ne4+ 64. Kd3 Nf2+ 65. Ke2 Ng4
66. Bg6 Bf3+ 67. Kd3 Nf2+ 68. Kc4 Bd5+ 69. Kb5 Ke3 70. Bc5 Nd3 71. Kb6 Nf4 72.
Bf7 Ke4 73. Kc7 Kf5 74. Kd6 Ne2 75. Bh5 Nc3 76. Ke7 Ne4 77. Bb6 Ng3 78. Be8 Ne2
79. Bb5 Nf4 80. Bd7 Ng6+ 81. Kd6 Nf4 82. Ba4 Be4 83. Bd1 Ng2 84. Bb3 Nf4 85.
Ba5 Bd5 86. Bc2+ Be4 87. Ba4 Bd5 88. Bd2 Ne2 89. Bc2+ Be4 90. Bxe4+ Kxe4 91.
Kxe6 Nxd4+ 92. Kf6 Kd5 93. Be3 Ne6 94. Bb6 Nf4 95. Be3 Ne6 96. Kf5 Nc7 1/2-1/2

[Event "Arab Games 2011"]
[Site "0:14.46-0:07.11"]
[Date "2011.12.12"]
[Round "9"]
[White "Al-Sayed, Mohammed"]
[Black "Karim Ismael"]
[Result "1-0"]
[WhiteElo "2514"]
[BlackElo "2405"]
[PlyCount "65"]
[EventDate "2011.??.??"]

1. d4 d6 2. e4 Nf6 3. Nc3 g6 4. Nf3 Bg7 5. Be3 c6 6. Qd2 Qa5 7. Bd3 Bg4 8. e5
Nfd7 9. exd6 Bxf3 10. gxf3 exd6 11. Ne4 Qxd2+ 12. Kxd2 Ke7 13. Rae1 d5 14. Bg5+
Kf8 15. Nd6 Nf6 16. Nxb7 Nbd7 17. Bf4 h5 18. Na5 Bh6 19. Bxh6+ Rxh6 20. Nxc6
Rc8 21. Nxa7 Ra8 22. Nb5 Rxa2 23. Ra1 Rxb2 24. Kc3 Rxb5 25. Bxb5 Kg7 26. Bxd7
Nxd7 27. Ra7 Nf8 28. Re1 Kf6 29. Ree7 Rh7 30. Re5 Ne6 31. Rxd5 Rh8 32. Rd6 Rb8
33. Rad7 1-0

[Event "Arab Games 2011"]
[Site "0:00.28-0:14.35"]
[Date "2011.12.12"]
[Round "9"]
[White "Tissir Mohamed"]
[Black "Adly Ahmed"]
[Result "0-1"]
[WhiteElo "2413"]
[BlackElo "2601"]
[PlyCount "136"]
[EventDate "2011.??.??"]

1. e4 c5 2. Nf3 d6 3. d4 Nf6 4. Nc3 cxd4 5. Nxd4 a6 6. Be2 e5 7. Nb3 Be7 8. O-O
O-O 9. f4 Nc6 10. Kh1 Be6 11. f5 Bxb3 12. axb3 d5 13. exd5 Nd4 14. Bd3 b5 15.
Ne4 Qxd5 16. Qe1 Rac8 17. Nxf6+ Bxf6 18. Be4 Qd6 19. Qf2 Rfd8 20. Be3 h5 21.
Rad1 Qe7 22. b4 Qxb4 23. c3 Qe7 24. Bb1 Nc6 25. Qf3 h4 26. Be4 Na5 27. Rxd8+
Qxd8 28. Rd1 Qc7 29. g3 hxg3 30. Qxg3 Nc4 31. Bh6 Kf8 32. Bc1 Nd6 33. Bd5 Rd8
34. Qh3 Ne4 35. Be3 Ke7 36. Qg4 Nd6 37. Qg1 Nc4 38. Bc5+ Ke8 39. b4 Rd7 40. Qg2
Kd8 41. Ra1 e4 42. Qxe4 Qe5 43. Qxe5 Bxe5 44. Bc6 Bxc3 45. Rxa6 Rd1+ 46. Kg2
Rd2+ 47. Kf1 Rb2 48. Bxb5 Nd2+ 49. Kg1 Nf3+ 50. Kf1 Nxh2+ 51. Kg1 Nf3+ 52. Kf1
Bxb4 53. Bb6+ Ke7 54. Bc6 Rb1+ 55. Kg2 Nh4+ 56. Kh3 Nxf5 57. Be4 Rb3+ 58. Kg2
Rb2+ 59. Kh3 Nd6 60. Bd5 Rd2 61. Ba2 f5 62. Ra7+ Kf6 63. Bd8+ Kg6 64. Bb6 Ne4
65. Bf7+ Kf6 66. Bc4 Ng5+ 67. Kh4 Rh2+ 68. Kg3 Bd6# 0-1

[Event "Arab Games 2011"]
[Site "0:08.18-0:14.20"]
[Date "2011.12.12"]
[Round "9"]
[White "Njili Kamel"]
[Black "Al-Ali Hussein, Ali Hussei"]
[Result "0-1"]
[WhiteElo "2344"]
[BlackElo "2392"]
[PlyCount "122"]
[EventDate "2011.??.??"]

1. e4 e6 2. d3 c5 3. Nf3 Nc6 4. g3 g6 5. Bg2 Bg7 6. O-O Nge7 7. Nbd2 O-O 8. Nh4
d5 9. f4 dxe4 10. dxe4 b6 11. e5 Ba6 12. Re1 Qc7 13. c3 Rad8 14. Qf3 Rd3 15.
Qf2 Rfd8 16. Bf1 Bb7 17. Bxd3 Rxd3 18. Qe2 Rd7 19. Ne4 Nf5 20. Nf3 h5 21. Bd2
Nce7 22. Rad1 Qc6 23. Bc1 Nd5 24. Nfg5 c4 25. g4 hxg4 26. Qxg4 b5 27. Qh3 Qb6+
28. Kh1 a5 29. b3 Bh6 30. bxc4 bxc4 31. Nf3 Kg7 32. Nd4 Nxd4 33. cxd4 f5 34.
exf6+ Nxf6 35. d5 Rxd5 36. Qc3 e5 37. Rxd5 Bxd5 38. Qxe5 Kf7 39. Bb2 Bxe4+ 40.
Rxe4 Nxe4 41. Qxe4 Qxb2 42. Qxc4+ Kf6 43. Qa6+ Kg7 44. Qa7+ Kh8 45. Qxa5 Qb1+
46. Kg2 Qe4+ 47. Kg1 Bxf4 48. Qd8+ Kg7 49. Qd7+ Kf6 50. Qd8+ Kf5 51. Qd7+ Kg5
52. Qd8+ Kh5 53. Qd1+ Kh6 54. a4 Be3+ 55. Kf1 Qf5+ 56. Kg2 Qf2+ 57. Kh3 Bf4 58.
Qh1 Bd6 59. Qg2 Qe3+ 60. Kg4 Qf4+ 61. Kh3 Qxa4 0-1

[Event "Arab Games 2011"]
[Site "0:00.08-0:01.46"]
[Date "2011.12.12"]
[Round "9"]
[White "Mansour, Sameer"]
[Black "Al-Zendani, Zendan"]
[Result "1/2-1/2"]
[WhiteElo "2284"]
[BlackElo "2384"]
[PlyCount "72"]
[EventDate "2011.??.??"]

1. d4 Nf6 2. c4 e6 3. Nf3 d5 4. Nc3 dxc4 5. e3 c5 6. Bxc4 a6 7. Bd3 Nc6 8. O-O
Be7 9. dxc5 Bxc5 10. a3 O-O 11. b4 Be7 12. Bb2 Nd5 13. Nxd5 exd5 14. Nd4 Nxd4
15. Bxd4 Bf6 16. Be2 Be6 17. Bf3 Rc8 18. Qd3 Bxd4 19. Qxd4 Rc4 20. Qe5 a5 21.
bxa5 Qxa5 22. Rab1 Qxa3 23. Rxb7 Rc1 24. Rb1 Rxf1+ 25. Rxf1 Rd8 26. h4 Qd6 27.
Qxd6 Rxd6 28. Rd1 f5 29. Kh2 Kf7 30. Kg3 Kf6 31. Kf4 g6 32. g4 fxg4 33. Bxg4
Bxg4 34. Kxg4 h6 35. Rd4 Ke5 36. f4+ Ke6 1/2-1/2

[Event "Arab Games 2011"]
[Site "0:10.56-0:00.36"]
[Date "2011.12.12"]
[Round "9"]
[White "Goutali Tarek"]
[Black "Chahrani, Ibrahim"]
[Result "1-0"]
[WhiteElo "2327"]
[BlackElo "2243"]
[PlyCount "71"]
[EventDate "2011.??.??"]

1. e4 c5 2. Nf3 d6 3. c3 Nf6 4. Bd3 Nc6 5. Bc2 g6 6. h3 Bg7 7. O-O O-O 8. d4
cxd4 9. cxd4 Nb4 10. Bb3 d5 11. e5 Ne4 12. Nc3 Nxc3 13. bxc3 Nc6 14. Bc2 b6 15.
Bg5 Na5 16. Re1 h6 17. Bh4 Be6 18. Bd3 Rc8 19. Rc1 Qd7 20. Qe2 Rc7 21. g4 Nc4
22. Nh2 g5 23. Bg3 Rfc8 24. f4 gxf4 25. Bxf4 Qe8 26. Nf3 b5 27. Kh2 b4 28. g5
Qf8 29. Rg1 Kh8 30. Nh4 Rc6 31. Qh5 Bd7 32. Rcf1 Nxe5 33. Bxe5 Bxe5+ 34. dxe5
Rxc3 35. Ng6+ fxg6 36. Rxf8+ 1-0

[Event "Arab Games 2011"]
[Site "1:30.30-1:30.30"]
[Date "2011.12.12"]
[Round "9"]
[White "El Jawich, Amro"]
[Black "Omar, Abdulrahman"]
[Result "1-0"]
[WhiteElo "2139"]
[BlackElo "2045"]
[PlyCount "108"]
[EventDate "2011.??.??"]

1. e4 c5 2. Nf3 d6 3. d4 cxd4 4. Nxd4 Nf6 5. Nc3 a6 6. Qe2 Nc6 7. Nxc6 bxc6 8.
e5 dxe5 9. Qxe5 e6 10. Bd3 Be7 11. O-O O-O 12. Rd1 Qb6 13. Be3 Qb8 14. Bf4 Qxe5
15. Bxe5 Bb7 16. Na4 Nd5 17. c4 Nf6 18. Nb6 Rad8 19. Bc7 Rde8 20. a3 Bd8 21.
Bxd8 Rxd8 22. Bc2 Rfe8 23. f3 Kf8 24. Kf2 Ke7 25. b4 Rxd1 26. Rxd1 Rd8 27. Rxd8
Kxd8 28. Na4 h6 29. Nc5 Bc8 30. Ke3 Kc7 31. a4 Kd6 32. a5 Nd7 33. Ne4+ Ke7 34.
f4 f5 35. Nc3 g5 36. g3 Kd6 37. Bb3 e5 38. Ne2 Bb7 39. h4 exf4+ 40. gxf4 gxh4
41. Nd4 c5 42. Nxf5+ Ke6 43. Nxh4 cxb4 44. c5+ Kf6 45. Kd4 Bc6 46. Kc4 Nf8 47.
Kxb4 Ng6 48. Nxg6 Kxg6 49. Be6 Kf6 50. Bc8 h5 51. Bxa6 Bg2 52. Bc8 h4 53. a6 h3
54. Bxh3 Bxh3 1-0

[Event "Arab Games 2011"]
[Site "1:30.30-1:30.30"]
[Date "2011.12.12"]
[Round "9"]
[White "Obada Ahmad, Azeezjawad"]
[Black "Ayyad Husain"]
[Result "1/2-1/2"]
[WhiteElo "2353"]
[BlackElo "2209"]
[PlyCount "65"]
[EventDate "2011.??.??"]

1. e4 e5 2. Nf3 Nc6 3. Bb5 a6 4. Ba4 Nf6 5. O-O Be7 6. Re1 b5 7. Bb3 O-O 8. h3
d6 9. c3 Na5 10. Bc2 c5 11. d4 Qc7 12. Nbd2 h6 13. a4 Bd7 14. d5 c4 15. Nf1 Nb7
16. Ng3 Nc5 17. Nh2 bxa4 18. Nf5 Bxf5 19. exf5 Qb7 20. Ng4 Nxg4 21. Qxg4 Bg5
22. f6 Bxf6 23. Bxh6 Nd3 24. Qxc4 Nxe1 25. Rxe1 gxh6 26. Qe4 Rfd8 27. Re3 Qxb2
28. Rf3 Bg7 29. Qh7+ Kf8 30. Rxf7+ Kxf7 31. Qg6+ Kf8 32. Qf5+ Ke7 33. Qg6
1/2-1/2

[Event "Arab Games 2011"]
[Site "0:16.11-0:01.10"]
[Date "2011.12.12"]
[Round "9"]
[White "Ayyad Maher"]
[Black "Elarbi Abobker"]
[Result "0-1"]
[WhiteElo "2157"]
[BlackElo "2273"]
[PlyCount "112"]
[EventDate "2011.??.??"]

1. d4 d5 2. Nf3 Nf6 3. Bf4 e6 4. e3 c5 5. c3 Nc6 6. Nbd2 Bd6 7. Bg3 O-O 8. Bd3
Re8 9. Ne5 Qe7 10. f4 Nd7 11. O-O c4 12. Bc2 f5 13. Qh5 Nf6 14. Qh3 Bd7 15. Bh4
Rf8 16. Kh1 Qe8 17. Bxf6 Rxf6 18. g4 Rh6 19. Qg3 Bxe5 20. dxe5 fxg4 21. Qxg4
Qh5 22. Qxh5 Rxh5 23. Nf3 Rf8 24. Rg1 Rh3 25. Kg2 Rxf3 26. Kxf3 Nxe5+ 27. Ke2
Nf7 28. Raf1 Nd6 29. Rg5 Nf7 30. Rg3 Nh6 31. Rfg1 Rf7 32. Rh3 Kh8 33. Rh5 Rf8
34. Rhg5 g6 35. h4 Nf7 36. R5g3 Nh6 37. h5 gxh5 38. Rg5 Be8 39. Kd2 Ng4 40. Bd1
h6 41. Bxg4 hxg5 42. Bxe6 g4 43. Bxd5 b5 44. Ke2 Bg6 45. Kf2 Rd8 46. e4 Kg7 47.
Kg3 Bf7 48. Bxf7 Kxf7 49. Kh4 Kg6 50. f5+ Kh6 51. f6 Rd3 52. Rg3 Rd2 53. Re3
Rh2+ 54. Kg3 Rxb2 55. e5 Kg5 56. f7 h4# 0-1

[Event "Arab Games 2011"]
[Site "0:06.08-0:10.14"]
[Date "2011.12.12"]
[Round "9"]
[White "Takrory Hosam"]
[Black "Khader Sami"]
[Result "0-1"]
[WhiteElo "2034"]
[BlackElo "2404"]
[PlyCount "78"]
[EventDate "2011.??.??"]

1. e4 e6 2. d3 d5 3. Qe2 Nc6 4. c3 dxe4 5. dxe4 e5 6. g3 Nf6 7. Bg2 a5 8. Nf3
Bc5 9. Nbd2 b6 10. O-O Ba6 11. Qe1 Bxf1 12. Nxf1 O-O 13. Bg5 h6 14. Rd1 Qe7 15.
Bc1 Rad8 16. Rxd8 Rxd8 17. h3 Qe6 18. Nh4 Qxa2 19. Nf5 a4 20. N1e3 Ne7 21.
Nxe7+ Bxe7 22. Nd5 Nxd5 23. exd5 Qa1 24. Kh2 Bg5 25. Bd2 Qxe1 26. Bxe1 Bc1 27.
c4 Bxb2 28. Be4 a3 29. Bb1 b5 30. Ba2 bxc4 31. Bxc4 Ra8 32. Ba2 Ra4 33. Kg2 Kf8
34. f4 exf4 35. gxf4 Rxf4 36. Bg3 Rd4 37. Bxc7 Rd2+ 38. Kf3 Bf6 39. Bc4 a2 0-1

[Event "Arab Games 2011"]
[Site "0:00.47-0:01.00"]
[Date "2011.12.12"]
[Round "9"]
[White "Ahmed Abuzied"]
[Black "Omar Noaman"]
[Result "1-0"]
[WhiteElo "2059"]
[BlackElo "2324"]
[PlyCount "121"]
[EventDate "2011.??.??"]

1. e4 c6 2. d4 d5 3. f3 e6 4. Nc3 Bb4 5. a3 Bxc3+ 6. bxc3 dxe4 7. Qe2 e3 8.
Qxe3 Ne7 9. Bd3 Nd5 10. Qd2 Qh4+ 11. g3 Qf6 12. f4 c5 13. Nf3 Nc6 14. Bb2 Bd7
15. Rb1 Qe7 16. O-O O-O-O 17. Rfe1 Qd6 18. Qf2 f6 19. dxc5 Qc7 20. Nd4 Nxd4 21.
cxd4 h5 22. c4 Ne7 23. d5 h4 24. d6 hxg3 25. hxg3 Bc6 26. Kf1 Qd7 27. Re3 Ng8
28. g4 Nh6 29. Qg3 e5 30. f5 g6 31. Bxe5 fxe5 32. Rxe5 Rde8 33. Rbe1 Rxe5 34.
Rxe5 Re8 35. Rxe8+ Qxe8 36. fxg6 Bd7 37. Qf4 Nxg4 38. g7 Ne3+ 39. Qxe3 Qf7+ 40.
Qf2 Qxg7 41. Ke2 Qb2+ 42. Ke3 Qe5+ 43. Kd2 Qb2+ 44. Bc2 Qg7 45. Qe3 Qg2+ 46.
Kc3 Qg7+ 47. Qd4 Qg3+ 48. Kb2 Qg8 49. Be4 a5 50. Qd5 Qh8+ 51. Ka2 Qh2+ 52. Bg2
Kd8 53. Qxb7 Qe5 54. Qb8+ Bc8 55. Qc7+ Ke8 56. Qxc8+ Kf7 57. Bd5+ Kg7 58. Qg8+
Kh6 59. Qf8+ Kg6 60. Qf7+ Kh6 61. Qe6+ 1-0

[Event "Arab Games 2011"]
[Site "0:11.13-0:01.23"]
[Date "2011.12.12"]
[Round "9"]
[White "Najjar Ahmad"]
[Black "Shobaita Talal"]
[Result "1/2-1/2"]
[WhiteElo "2274"]
[BlackElo "2139"]
[PlyCount "112"]
[EventDate "2011.??.??"]

1. d4 Nf6 2. Nf3 e6 3. c3 d5 4. Bf4 c5 5. e3 Nc6 6. Bd3 Be7 7. O-O Nh5 8. Bg3
Nxg3 9. hxg3 O-O 10. Nbd2 h6 11. Qe2 Qb6 12. b3 Bd7 13. Ne5 Nxe5 14. dxe5 Qc7
15. f4 Rad8 16. c4 dxc4 17. Nxc4 b5 18. Nd2 Qb8 19. Rad1 Bc6 20. Bb1 Rd7 21.
Ne4 Rfd8 22. Rxd7 Rxd7 23. Rd1 Rxd1+ 24. Qxd1 g6 25. Nd6 Bd5 26. e4 Bc6 27. f5
Bg5 28. Qg4 Bd7 29. Kh2 a5 30. Qd1 Qc7 31. Bd3 h5 32. a4 c4 33. bxc4 bxa4 34.
Bc2 a3 35. Ba4 a2 36. Bb3 a1=Q 37. Qxa1 a4 38. Bd1 Qb6 39. Bxa4 Qa7 40. fxg6
fxg6 41. Nb5 Qf2 42. Qg1 Qd2 43. Qd1 Qxd1 44. Bxd1 Bxb5 45. cxb5 Be3 46. g4 h4
47. g3 hxg3+ 48. Kxg3 g5 49. Kf3 Bd4 50. Ke2 Kf7 51. Kd3 Bxe5 52. Kc4 Ke7 53.
Kc5 Kd7 54. b6 Bg3 55. Ba4+ Kc8 56. Kc6 e5 1/2-1/2

[Event "Arab Games 2011"]
[Site "0:25.10-0:25.10"]
[Date "2011.12.11"]
[Round "1"]
[White "Al-Zarouni, Kholoud Essa"]
[Black "Zhu Chen"]
[Result "0-1"]
[WhiteElo "1861"]
[BlackElo "2471"]
[PlyCount "110"]
[EventDate "2011.??.??"]

1. e4 d6 2. d4 Nf6 3. Nc3 e5 4. dxe5 dxe5 5. Qxd8+ Kxd8 6. Bg5 Be6 7. O-O-O+
Nbd7 8. Nf3 Bd6 9. Be2 a6 10. h3 Ke8 11. Rhe1 h6 12. Be3 Bb4 13. Bd3 Bxc3 14.
bxc3 b5 15. Kb2 Ke7 16. Nd2 Ne8 17. Nb3 Nd6 18. Nc5 Rhd8 19. Nxd7 Kxd7 20. f4
f6 21. fxe5 fxe5 22. Bf2 Bg8 23. Bg3 Re8 24. Bf1 Kc6 25. Be2 Bh7 26. Bf3 Rad8
27. Kb1 Nc4 28. Rd5 Rxd5 29. exd5+ Kd6 30. Kc1 Nb6 31. Rd1 Bg8 32. Be4 Nxd5 33.
a4 c6 34. axb5 axb5 35. Kb2 Ra8 36. Re1 Nb6 37. Bxe5+ Kxe5 38. Bxc6+ Kf6 39.
Bxa8 Nxa8 40. Re8 Bd5 41. Rd8 Bxg2 42. Rb8 Nc7 43. Rb6+ Kg5 44. h4+ Kh5 45. Rd6
Bf1 46. Rd7 Ne6 47. Re7 Bc4 48. Kc1 Kxh4 49. Kd2 g5 50. Ke3 g4 51. Kf2 g3+ 52.
Kg1 Nf4 53. Re4 Kg4 54. Re3 Nh3+ 55. Kg2 Bd5+ 0-1

[Event "Arab Games 2011"]
[Site "0:25.10-0:25.10"]
[Date "2011.12.11"]
[Round "1"]
[White "Al-Rufaye Iman, Hasan Moha"]
[Black "Arif Fadoua"]
[Result "0-1"]
[WhiteElo "2155"]
[BlackElo "1844"]
[PlyCount "42"]
[EventDate "2011.??.??"]

1. e4 e6 2. d4 d5 3. exd5 exd5 4. Nf3 Nf6 5. Bd3 Bg4 6. O-O Nc6 7. c3 Be7 8.
Bg5 Ne4 9. Bxe7 Nxe7 10. Re1 f5 11. Qa4+ c6 12. Ne5 Bh5 13. Qc2 O-O 14. Nd2 Ng6
15. f3 Nxe5 16. dxe5 Qb6+ 17. Kh1 Nf2+ 18. Kg1 Nxd3+ 19. Kh1 Nf2+ 20. Kg1 Nh3+
21. Kh1 Qg1+ 0-1

[Event "Arab Games 2011"]
[Site "0:00.03-0:01.25"]
[Date "2011.12.11"]
[Round "1"]
[White "Bedrosian Danielle"]
[Black "Mona Khaled"]
[Result "0-1"]
[WhiteElo "1796"]
[BlackElo "2109"]
[PlyCount "72"]
[EventDate "2011.??.??"]

1. c4 Nf6 2. Nc3 g6 3. g3 Bg7 4. Bg2 c6 5. e4 d6 6. Nge2 Nbd7 7. O-O e5 8. d3
O-O 9. b3 Nc5 10. Bb2 a5 11. Qd2 Qb6 12. Rab1 Nh5 13. h3 f5 14. Kh2 f4 15. Ng1
Qd8 16. Nce2 Bh6 17. gxf4 Nxf4 18. d4 Ncd3 19. Ng3 Nxb2 20. Qxb2 Bg7 21. d5
cxd5 22. cxd5 Bh6 23. Rfd1 Qh4 24. Qc3 Nxh3 25. Nxh3 Bxh3 26. Bxh3 Rxf2+ 27.
Kg1 Qxh3 28. Kxf2 Rf8+ 29. Kg1 Rc8 30. Qd3 Bf4 31. Kf2 Rf8 32. Nf5 Qh2+ 33. Kf1
gxf5 34. Qf3 fxe4 35. Qg4+ Bg5+ 36. Ke1 Qf2# 0-1

[Event "Arab Games 2011"]
[Site "0:00.04-0:06.18"]
[Date "2011.12.11"]
[Round "1"]
[White "Mezioud Amina"]
[Black "Al-Harmoudi Mona"]
[Result "1-0"]
[WhiteElo "2065"]
[BlackElo "1795"]
[PlyCount "39"]
[EventDate "2011.??.??"]

1. e4 d5 2. exd5 Nf6 3. Nf3 Nxd5 4. g3 Bg4 5. Bg2 Nc6 6. h3 Bxf3 7. Bxf3 e6 8.
d4 Qf6 9. c3 Bd6 10. Nd2 O-O-O 11. Ne4 Qe7 12. O-O h6 13. c4 Nf6 14. Nxf6 gxf6
15. Bxc6 bxc6 16. Qa4 Qd7 17. Qxa7 Qe8 18. c5 Be7 19. Bf4 Kd7 20. Qxc7# 1-0

[Event "Arab Games 2011"]
[Site "0:25.10-0:25.10"]
[Date "2011.12.11"]
[Round "1"]
[White "Al-Khelaifi Aisha"]
[Black "Latreche Sabrina"]
[Result "1-0"]
[WhiteElo "1674"]
[BlackElo "1995"]
[PlyCount "87"]
[EventDate "2011.??.??"]

1. e4 a6 2. d4 b5 3. c4 bxc4 4. Bxc4 e6 5. Nc3 Bb4 6. Bd2 Bb7 7. d5 exd5 8.
Nxd5 Bxd2+ 9. Qxd2 Nf6 10. Nxf6+ Qxf6 11. Bd5 Bxd5 12. Qxd5 Qxb2 13. Rd1 c6 14.
Qc4 O-O 15. Ne2 Qb5 16. Qc2 a5 17. O-O Qb7 18. Ng3 Rd8 19. Rd6 Na6 20. a3 Nc7
21. a4 Ne8 22. Rd4 Rab8 23. Rfd1 Nf6 24. h3 h6 25. Nf5 d5 26. Qxc6 Nxe4 27.
Qxb7 Rxb7 28. Rxe4 Kf8 29. Red4 g6 30. Nxh6 Kg7 31. Ng4 Rb4 32. Ne3 Rc8 33.
Rxb4 axb4 34. Rb1 d4 35. Nd1 d3 36. Kf1 Re8 37. Ne3 Re4 38. a5 f5 39. g3 Kf6
40. a6 g5 41. a7 Re8 42. Rxb4 Ra8 43. Ra4 Ke5 44. Nc4+ 1-0

[Event "Arab Games 2011"]
[Site "0:25.10-0:25.10"]
[Date "2011.12.11"]
[Round "1"]
[White "Fuad Natalie"]
[Black "Emhemed Inas"]
[Result "1-0"]
[WhiteElo "1952"]
[BlackElo "1486"]
[PlyCount "85"]
[EventDate "2011.??.??"]

1. e4 e6 2. d4 d5 3. Nd2 c5 4. exd5 Qxd5 5. Bb5+ Bd7 6. Bxd7+ Nxd7 7. Ndf3 cxd4
8. Qxd4 Qxd4 9. Nxd4 Ngf6 10. Ngf3 Bc5 11. O-O O-O 12. Nb3 Bb6 13. Bf4 Nd5 14.
Bd6 Rfd8 15. c4 N5f6 16. c5 Ne8 17. Be7 Nxc5 18. Nxc5 Rdc8 19. Nb3 Rc2 20. Ba3
Rd8 21. Rac1 Re2 22. h3 h6 23. Bc5 Bc7 24. Bxa7 b6 25. Rc6 Rc8 26. Bxb6 Bh2+
27. Kxh2 Rxc6 28. Nfd4 Rxf2 29. Rxf2 Rxb6 30. Rc2 e5 31. Nc6 f6 32. Ne7+ Kf7
33. Nd5 Rd6 34. Nc3 f5 35. Rd2 Rg6 36. Rf2 Nd6 37. Nd5 Ne4 38. Rxf5+ Ke6 39.
Ne3 Rg3 40. Nc5+ Ke7 41. Rxe5+ Kd6 42. Nxe4+ Kxe5 43. Nxg3 1-0

[Event "Arab Games 2011"]
[Site "0:22.13-0:07.23"]
[Date "2011.12.11"]
[Round "2"]
[White "Mona Khaled"]
[Black "Al-Khelaifi Aisha"]
[Result "1-0"]
[WhiteElo "2109"]
[BlackElo "1674"]
[PlyCount "33"]
[EventDate "2011.??.??"]

1. d4 d5 2. c4 c6 3. Nf3 Nf6 4. Qc2 a6 5. e3 e6 6. Nc3 Nbd7 7. Bd3 Be7 8. O-O
h6 9. e4 dxe4 10. Nxe4 O-O 11. Qe2 Nxe4 12. Qxe4 Nf6 13. Qh4 Nd5 14. Qg3 Bd6
15. Ne5 Nc7 16. Bxh6 Qf6 17. Bg5 1-0

[Event "Arab Games 2011"]
[Site "0:01.56-0:04.04"]
[Date "2011.12.11"]
[Round "2"]
[White "Elamri Laila A"]
[Black "Mezioud Amina"]
[Result "1/2-1/2"]
[WhiteElo "1910"]
[BlackElo "2065"]
[PlyCount "69"]
[EventDate "2011.??.??"]

1. e4 e5 2. Nf3 d6 3. d4 exd4 4. Nxd4 Nf6 5. Nc3 Be7 6. Bd3 O-O 7. O-O Re8 8.
Bg5 h6 9. Bh4 Nxe4 10. Bxe7 Nxc3 11. Bxd8 Nxd1 12. Bxc7 Nxb2 13. Rfe1 Rxe1+ 14.
Rxe1 Bd7 15. Be4 Nc6 16. Nxc6 bxc6 17. Bxd6 Re8 18. Bb4 f5 19. Bf3 Rxe1+ 20.
Bxe1 Kf7 21. Kf1 Na4 22. Ke2 Ke6 23. Ba5 c5 24. Kd2 Bb5 25. g3 g6 26. Bc7 Nb6
27. Bb8 a6 28. Bb7 Nd7 29. Bc8 Kd5 30. Bxd7 Bxd7 31. Kc3 Bb5 32. Ba7 g5 33. h4
gxh4 34. gxh4 h5 35. f3 1/2-1/2

[Event "Arab Games 2011"]
[Site "0:00.04-0:01.52"]
[Date "2011.12.11"]
[Round "2"]
[White "Wafa Shrook"]
[Black "Fuad Natalie"]
[Result "1-0"]
[WhiteElo "1873"]
[BlackElo "1952"]
[PlyCount "58"]
[EventDate "2011.??.??"]

1. e4 c5 2. Nf3 e6 3. d4 cxd4 4. Nxd4 Nf6 5. Nc3 d6 6. Bd3 a6 7. O-O Be7 8. Kh1
Nbd7 9. f4 Qc7 10. Nb3 b5 11. a3 Bb7 12. Qe2 e5 13. a4 b4 14. Nd1 a5 15. c3 O-O
16. cxb4 axb4 17. f5 Nc5 18. Nxc5 dxc5 19. Rf3 c4 20. Bb1 Rfd8 21. Nf2 Bc5 22.
Be3 Bxe3 23. Rxe3 Qd7 24. g4 Qd2 25. g5 Nh5 26. Nh3 Qc1+ 27. Ng1 Rd1 28. Qf2
Rad8 29. Re2 Rxg1+ 1-0